Indian bureaucracy (Record no. 6422)

MARC details
000 -LEADER
fixed length control field 00891 a2200217 4500
005 - DATE AND TIME OF LATEST TRANSACTION
control field 20080829115936.0
008 - FIXED-LENGTH DATA ELEMENTS--GENERAL INFORMATION
fixed length control field 080829t xxu||||| |||| 00| 0 eng d
010 ## - LIBRARY OF CONGRESS CONTROL NUMBER
LC control number ENG-87390
020 ## - INTERNATIONAL STANDARD BOOK NUMBER
International Standard Book Number 8175413764
Terms of availability 395.00
035 ## - SYSTEM CONTROL NUMBER
System control number EN-70923
037 ## - SOURCE OF ACQUISITION
Source of stock number/acquisition D.B.Act / Pub
082 ## - DEWEY DECIMAL CLASSIFICATION NUMBER
Classification number 351.0010954
100 ## - MAIN ENTRY--PERSONAL NAME
Personal name Har Swarup Singh
245 ## - TITLE STATEMENT
Title Indian bureaucracy
Statement of responsibility, etc by Har Swarup Singh
Remainder of title maladies and remedies
260 ## - PUBLICATION, DISTRIBUTION, ETC. (IMPRINT)
Place of publication, distribution, etc Delhi
Name of publisher, distributor, etc Shipra Publications
Date of publication, distribution, etc 2007
270 ## - ADDRESS
Address 115-A, Vikas Marg, Shakarpur,
City Delhi
Postal code 110092
Telephone number 011-65277210, 011-22500954
Fax number 91-11-22458662
Electronic mail address info@shiprapublications.com
300 ## - PHYSICAL DESCRIPTION
Extent 144 p.
Dimensions 22 cm. (Hb).
500 ## - GENERAL NOTE
General note Includes index
942 ## - ADDED ENTRY ELEMENTS (KOHA)
Institution code [OBSOLETE] dpl
Koha item type English Books
Call number prefix 351.0010954 / HAR
Source of classification or shelving scheme Dewey Decimal Classification
Classification part 351.0010954
Call number suffix HAR
Holdings
Withdrawn status Lost status Damaged status Not for loan Home library Current library Date acquired Cost, normal purchase price Total Checkouts Full call number Barcode Date last seen Copy number Uniform Resource Identifier Cost, replacement price Price effective from Koha item type
        D.B.Act.Division D.B.Act.Division 29/08/2008 395.00   351.0010954 HAR EN-70923 15/09/2008 1 6912 395.00 15/09/2008 English Books

© Delhi Public Library
Hit Counter
free hit counter